| 000 | 00646cam a2200229u 4500 | ||
|---|---|---|---|
| 999 |
_c22304 _d22304 |
||
| 001 | 7074111 | ||
| 003 | BDDh-ASL | ||
| 005 | 20231015030120.0 | ||
| 008 | 830714s1967 ii ac 000 0 eng | ||
| 010 | _asa 67003064 | ||
| 040 |
_aDLC _cCarP _dDLC _dBDDh-ASL |
||
| 043 | _aa-ii--- | ||
| 050 | 0 | 0 |
_aDS481.K32 _bA3 |
| 082 |
_a954 _bKAU |
||
| 100 | 1 |
_aKaul, Brij Mohan, _d1912- |
|
| 245 | 1 | 4 | _aThe untold story / |
| 260 |
_aBombay: _aNew York: _bAllied Publishers, _c[1967] |
||
| 300 |
_axi, 507 p. : _billus., ports. _c22 cm. |
||
| 651 | 0 |
_aIndia _xHistory, Military. |
|
| 906 |
_a0 _bcbc _cpremunv _du _encip _f19 _gy-gencatlg |
||
| 942 |
_2ddc _cBK |
||